Markets (Record no. 82675)
[ view plain ]
| 000 -LEADER | |
|---|---|
| fixed length control field | 01299cab a22002175a 4500 |
| 001 - CONTROL NUMBER | |
| control field | L150908 |
| 008 - FIXED-LENGTH DATA ELEMENTS--GENERAL INFORMATION | |
| fixed length control field | 100914e2010 xxk 000 0 eng d |
| 035 ## - SYSTEM CONTROL NUMBER | |
| System control number | (Sirsi) u150908 |
| 041 0# - LANGUAGE CODE | |
| Language code of text/sound track or separate title | eng |
| 100 1# - MAIN ENTRY--PERSONAL NAME | |
| Personal name | Hatcher, David |
| 245 00 - TITLE STATEMENT | |
| Title | Markets |
| Remainder of title | West Midlands |
| 260 ## - PUBLICATION, DISTRIBUTION, ETC. | |
| Date of publication, distribution, etc. | 2010 |
| 490 #0 - SERIES STATEMENT | |
| Series statement | Property Week |
| Volume/sequential designation | 76(36) 10 September 2010, 41-56(6) |
| 520 ## - SUMMARY, ETC. | |
| Summary, etc. | Nurton Developments and Moorfield are looking for office development opportunities in Birmingham city centre. Birmingham's proposed High Speed 2 rail link plunges Paradise Circus occupants including the Birmingham Conservatoire into disarray. Industrial property supply in the region has reached glut proportions. Availability in the Birmingham office market has reached 3.8m sqft. Ballymore's funding proposal for Two Snowhill is revealed. Redevelopment of Stoke-on-Trent's 640 000 sqft EastWest shopping centre edges closer. Stoford Developments' 245 000 All Saints scheme in West Bromwich is about to clinch a 70 000 sqft prelet to West Bromwich Building Society for occupancy in 2012. |
| 590 ## - LOCAL NOTE (RLIN) | |
| Local note | KA |
| 651 #4 - SUBJECT ADDED ENTRY--GEOGRAPHIC NAME | |
| Geographic name | West Midlands |
| 690 ## - LOCAL SUBJECT ADDED ENTRY--TOPICAL TERM (OCLC, RLIN) | |
| Topical term or geographic name as entry element | PROPERTY-COMMERCIAL PROPERTY-COMMERCIAL PROPERTY MARKET |
| 690 ## - LOCAL SUBJECT ADDED ENTRY--TOPICAL TERM (OCLC, RLIN) | |
| Topical term or geographic name as entry element | PROPERTY-COMMERCIAL PROPERTY-COMMERCIAL PROPERTY FINANCE AND INVESTMENT |
| 700 1# - ADDED ENTRY--PERSONAL NAME | |
| Personal name | Dodds, John |
| 942 ## - ADDED ENTRY ELEMENTS (KOHA) | |
| Suppress in OPAC | 0 |
| Withdrawn status | Lost status | Source of classification or shelving scheme | Damaged status | Not for loan | Home library | Current library | Shelving location | Date acquired | Total Checkouts | Full call number | Barcode | Date last seen | Copy number | Price effective from | Koha item type |
|---|---|---|---|---|---|---|---|---|---|---|---|---|---|---|---|
| Dewey Decimal Classification | London | London | Journal article | 14/09/2010 | L150908 | 150908-1001 | 06/08/2019 | 1 | 06/08/2019 | Journal article |